| 000 | 00440nmm a2200169Ia 4500 | ||
|---|---|---|---|
| 008 | 251105s9999||||xx |||||||||||||||||und|| | ||
| 020 | _a9788490109601 | ||
| 041 | _aspa | ||
| 100 | _aPalmer, Diana | ||
| 245 | 0 | _aSecretos y amenazas | |
| 264 |
_a[Madrid, España] : _bHarlequin, _c2012 |
||
| 300 | _a240 páginas | ||
| 490 | _aTop Novel | ||
| 650 | _aRomance | ||
| 856 | _uhttps://public.digitaliapublishing.com/a/50104 | ||
| 942 | _cCF | ||
| 999 |
_c87443 _d87443 |
||